ბათუმის შოთა რუსთაველის სახელმწიფო უნივერსიტეტის ბიბლიოთეკა

Мелиоративные и строительные машины (ბიბ.ჩანაწერი № 45983)

000 -LEADER
fixed length control field 00735nam a2200229Ia 4500
001 - CONTROL NUMBER
control field 12812
003 - CONTROL NUMBER IDENTIFIER
control field GE_BSU
008 - FIXED-LENGTH DATA ELEMENTS--GENERAL INFORMATION
fixed length control field 181216s||||||||xx |||||||||||||| ||und||
040 ## - CATALOGING SOURCE
Transcribing agency GE_BSU
080 ## - UNIVERSAL DECIMAL CLASSIFICATION NUMBER
Universal Decimal Classification number 631.3(075.8)
100 ## - MAIN ENTRY--PERSONAL NAME
Personal name Васильев,Б.А. Мер,И.И.Прудников,Т. Рябов,Г.А.
245 ## - TITLE STATEMENT
Title Мелиоративные и строительные машины
245 ## - TITLE STATEMENT
Remainder of title Учебник
245 ## - TITLE STATEMENT
Statement of responsibility, etc. Ред.Н.М.Щербакова
250 ## - EDITION STATEMENT
Edition statement 3-е перер. и доп.
260 ## - PUBLICATION, DISTRIBUTION, ETC.
Place of publication, distribution, etc. Москва
260 ## - PUBLICATION, DISTRIBUTION, ETC.
Name of publisher, distributor, etc. Агропромиздат
260 ## - PUBLICATION, DISTRIBUTION, ETC.
Date of publication, distribution, etc. 1986
300 ## - PHYSICAL DESCRIPTION
Extent 431стр.илл.20см.
653 ## - INDEX TERM--UNCONTROLLED
Uncontrolled term Мелиоративные и строительные машины
942 ## - ADDED ENTRY ELEMENTS (KOHA)
Koha item type წიგნი
ეგზემპლარები
Withdrawn status Lost status Damaged status Not for loan Date acquired Barcode Date last seen Price effective from Koha item type
        2018-12-17 21027 2018-12-17 2018-12-17 წიგნი